000 00322nam a22001457a 4500
005 20180412170604.0
008 160628b xxu||||| |||| 00| 0 eng d
041 _aeng
082 _b10925
_a348
245 _aThe Payment of bonus Act 1965
260 _bCurrent
300 _a43
650 _aManagement
_9241
942 _cBK
999 _c4447
_d4446